Transfer voľnočasových záujmových aktivít žiakov pri zvyšovaní ich školskej výkonnosti

Štúdia analyzuje výsledky experimentu zameraného na voľnočasové záujmové aktivity žiakov ZŠ rôznych vekových kategórií. Súbor tvorili žiaci mladší /8-9 roční/ a starší /12-13 roční/.

Podrobná bibliografia
Hlavný autor: Darák, Milan, 1953- (Autor)
Médium: Článok
Jazyk:slovenčina
Predmet:

MARC

LEADER 00000nab a2200000 a 4500
001 vtls001498670
003 SK-MaSNL
005 20260303210759.0
008 150929s1995 xo 000 0 slo
035 |a SPKCL1476 
040 |a SPKCL  |b slo  |c SNKBUCL  |d VŠPg-Ni(as)  |e AACR2 
041 |a slo 
044 |a xo  |c SK 
080 |a 379.8:371.212  |2 1981 
080 |a 37  |2 1981 
100 1 |a Darák, Milan,  |d 1953-  |4 aut  |9 121010 
245 1 0 |a Transfer voľnočasových záujmových aktivít žiakov pri zvyšovaní ich školskej výkonnosti  |c Milan Darák 
520 |a Štúdia analyzuje výsledky experimentu zameraného na voľnočasové záujmové aktivity žiakov ZŠ rôznych vekových kategórií. Súbor tvorili žiaci mladší /8-9 roční/ a starší /12-13 roční/. 
650 0 7 |a školská výkonnosť  |2 SNKPH  |9 1242945 
650 0 7 |a voľnočasové aktivity  |2 SNKPH  |9 71413 
650 0 7 |a základné školy  |2 SNKPH  |9 1280 
650 0 7 |a výskum  |2 SNKPH  |9 4238 
655 7 |a BZB  |2 SNK  |9 1080216 
773 1 |t Medacta '95 : Zborník z vedeckej konferencie Technológie vzdelávania tretieho tisícročia. Časť 1,  |g VŠPg s. 23-26 
850 |a Slovenská pedagogická knižnica Bratislava 
852 |a SPKCL  |b KIS3GCP  |b 000710000  |n SK 
999 |c 2201642  |d 2203572